000 00323nam a2200133Ia 4500
005 20251222155040.0
008 251222s9999||||xx |||||||||||||| ||spa||
082 _aESC. 37.1
100 _aWERNER, David
245 0 _aAprendiendo a Promover la Salud
250 _a1ra. ed.
264 _bFundación esperiÔn
942 _cLIB
999 _c36898
_d36898